Circular trimestral N§ 26-30: boletínes correspondientes de octubre 1901 a enero 1903
Збережено в:
| Співавтор: | |
|---|---|
| Формат: | Книга |
| Мова: | Іспанська |
| Опубліковано: |
Iquique
Imprenta El Nacional
1901
|
| Предмети: | |
| Теги: |
Додати тег
Немає тегів, Будьте першим, хто поставить тег для цього запису!
|
MARC
| LEADER | 00000nam a2200000 a 4500 | ||
|---|---|---|---|
| 001 | UCG7324 | ||
| 003 | CL-VaPUC | ||
| 008 | 110715e19010000CL |||||||||||||||||spa|d | ||
| 082 | 0 | 4 | |a 918.3 |b ASO |2 21 |
| 110 | 2 | |a Asociación Salitrera de Propaganda |e author |9 558021 | |
| 245 | 1 | 0 | |a Circular trimestral N§ 26-30: boletínes correspondientes de octubre 1901 a enero 1903 |
| 300 | |a pág. irreg | ||
| 942 | |c BK | ||
| 945 | |d 20110715 00:00:00 |a dcastane | ||
| 260 | |a Iquique |b Imprenta El Nacional |c 1901 | ||
| 650 | 7 | |a SALITRERAS |2 CL-VaPUC |9 375452 | |
| 650 | 0 | |a Industria salitrera |9 440309 | |
| 650 | 0 | |a Comercio exterior |9 257617 | |
| 650 | 0 | |a Salitre |9 313872 | |
| 650 | 0 | |a Historia de Chile |9 265473 | |
| 583 | |a last modification |c 20110715 00:00:00 |k Rodrigo Vera | ||
| 999 | |c 345350 |d 345348 | ||
| 952 | |0 0 |1 0 |4 0 |6 918_300000000000000_ASO_1901 |7 0 |8 X |9 443985 |a FDOBUD |b FDOBUD |d 2019-11-22 |i 4787528 |o 918.3 ASO 1901 |p 4787528 |r 2019-11-22 |w 2019-11-22 |y BK_X |k BUD | ||